Worst Nation At Every World Cup - Statistics

General Stats
  • This quiz has been taken 40 times
  • The average score is 15 of 23
Answer Stats
Tournament Modern Confederation Nation % Correct
1934 CONCACAF USA
84%
1998 CONCACAF USA
84%
1930 CONCACAF Mexico
81%
1950 CONCACAF Mexico
81%
1958 CONCACAF Mexico
81%
1978 CONCACAF Mexico
81%
1986 CONCACAF Canada
75%
2018 CONCACAF Panama
75%
2014 CAF Cameroon
72%
2022 AFC Qatar
72%
2010 AFC North Korea
69%
2002 AFC Saudi Arabia
66%
1970 CONCACAF El Salvador
63%
1982 CONCACAF El Salvador
63%
1954 AFC South Korea
63%
1950 CONMEBOL Bolivia
59%
1994 UEFA Greece
59%
1962 UEFA Switzerland
56%
1966 UEFA Switzerland
56%
1990 AFC UAE
56%
1974 CAF Zaire
41%
1938 AFC Dutch East Indies
31%
2006 UEFA Serbia and Montenegro
31%
No matching quizzes found
Score Distribution
Percent of People with Each Score
Percentile by Number Answered
Your Score History
You have not taken this quiz